00201nam a2200085Ia 4500008004100000100002100041245002200062260002200084260000900106170620s9999 xx 000 0 und d aPrashad- Anirudh 0aEnvironmental Law bCentral Law Pub. c2013